Móricz Zsigmond lappangó utóélete
Elmentve itt :
| Szerző: | |
|---|---|
| Adatforrás: | Meister |
| Forrásdokumentuma: | Helikon. - 20 sz., 1992, 2 p. |
| Nyelv: | magyar |
| Kulcsszavak: | irodalomtörténet MÓRICZ Zsigmond |
| LEADER | 00360nab a2200133 i 4500 | ||
|---|---|---|---|
| 001 | bibPRO00009502 | ||
| 008 | 060524s1992 xx hun | ||
| 040 | |a Sz1 | ||
| 041 | |a hun | ||
| 100 | 1 | |a MÓZES Attila | |
| 245 | 1 | 0 | |a Móricz Zsigmond lappangó utóélete |c MÓZES Attila |
| 695 | |a irodalomtörténet | ||
| 695 | |a MÓRICZ Zsigmond | ||
| 773 | 0 | |t Helikon. - |g 20 sz., 1992, 2 p. | |